Ecology of tropical food crops (Record no. 360242)

MARC details
000 -LEADER
fixed length control field 004370000a22001690004500
020 ## - INTERNATIONAL STANDARD BOOK NUMBER
International Standard Book Number 0521240824
060 ## - NATIONAL LIBRARY OF MEDICINE CALL NUMBER
Classification number 100
082 ## - DEWEY DECIMAL CLASSIFICATION NUMBER
Classification number 633. 009 13 NOR
100 ## - MAIN ENTRY--PERSONAL NAME
Personal name Norman M J T, Pearson C J
100 ## - MAIN ENTRY--PERSONAL NAME
Personal name Searle, P G E
245 ## - TITLE STATEMENT
Title Ecology of tropical food crops
260 ## - PUBLICATION, DISTRIBUTION, ETC. (IMPRINT)
Place of publication, distribution, etc. London, Cambridge University Press
260 ## - PUBLICATION, DISTRIBUTION, ETC. (IMPRINT)
Date of publication, distribution, etc. 1984
300 ## - PHYSICAL DESCRIPTION
Extent 369
650 ## - SUBJECT ADDED ENTRY--TOPICAL TERM
Topical term or geographic name as entry element Tropical food crops-ecology/field crops/crop legumes
942 ## - ADDED ENTRY ELEMENTS (KOHA)
Koha item type Books (General)
Holdings
Withdrawn status Lost status Damaged status Not for loan Home library Current library Date acquired Total Checkouts Full call number Barcode Date last seen Date checked out Price effective from Koha item type
        College of Agriculture, Vellayani College of Agriculture, Vellayani 02/05/2014 1 633. 009 13 NOR KAU_COAV-21378 22/12/2018 17/12/2018 02/05/2014 Books (General)
Kerala Agricultural University Central Library
Thrissur-(Dt.), Kerala Pin:- 680656, India
Ph : (+91)(487) 2372219
E-mail: librarian@kau.in
Website: http://library.kau.in/